Culture Générale - Série 924 - Statistiques

Statistiques générales
  • Ce quiz a été pris 109 fois
  • Le résultat moyen est 5 sur 10
Statistiques - réponses
Question Réponse % Correct
Quand une personne s'emporte, l'expression dit qu'elle monte sur ses grands... chevaux
99%
Quelle roche sédimentaire, tirant son nom des Baux-de-Provence, est le principal minerai d'aluminium ? bauxite
67%
Quelle fable de La Fontaine commence par : "La raison du plus fort est toujours la meilleure" ? Le Loup et l'Agneau
59%
Quel nom porte la steppe au sol gelé de la zone arctique, constituée de mousses et de lichens, située entre la taïga et les déserts de glace ? toundra
54%
Quelle est la nationalité du chanteur Rod Stewart ? Britannique
38%
Qui est l'auteur des poésies : "En sortant de l'école" et "Le Cancre" ? Jacques Prévert
36%
Dans la BD Gaston, qu'essaie de signer M. Demesmaeker sans jamais y parvenir ? contrats
35%
Quel alcool de qualité supérieure est la fine champagne ? cognac
30%
Qui est l'auteur du roman "Sans famille", en 1878 ? Hector Malot
28%
Dans quelle ville des Alpes-de-Haute-Provence est né Jean Giono ? Manosque
20%
Aucun quiz correspondant
Distribution des résultats
% des personnes avec chaque résultat
Percentile par nombre de réponses
Votre historique - résultats
Vous n’avez pas pris ce quiz